Citez les 14 villes avec le plus d'habitants dans l'Hérault - Statistiques

Statistiques générales
  • Ce quiz a été pris 48 fois
  • Le résultat moyen est 7 sur 14
Statistiques - réponses
Hab. Réponse % Correct
302 454 Montpellier
100%
80 341 Béziers
92%
44 712 Sète
87%
29 103 Agde
71%
26 185 Lunel
58%
23 808 Frontignan
50%
17 544 Lattes
45%
24 888 Castelnau-le-Lez
37%
12 664 Mèze
37%
12 783 Juvignac
26%
12 570 Saint-Jean-de-Védas
24%
10 405 Villeneuve-lès-Maguelone
18%
10 537 Saint-Gély-du-Fesc
11%
16 596 Manguio
0%
Aucun quiz correspondant
Distribution des résultats
% des personnes avec chaque résultat
Percentile par nombre de réponses
Votre historique - résultats
Vous n’avez pas pris ce quiz